| 000 | 00594nam a2200181 4500 | ||
|---|---|---|---|
| 999 |
_c162321 _d162321 |
||
| 005 | 20190311115340.0 | ||
| 010 | _aENG-124865 | ||
| 020 |
_a9788174791016 _c850.00 |
||
| 035 | _aEN-108397 | ||
| 037 | _bDBAD/PUB | ||
| 082 | _a230.42 | ||
| 100 | _aDas,Sankirtan | ||
| 245 |
_aBhakti yoga pilgrimage: _cby Lovely Sharma _bwhat patanjali and buddha did not teach/ |
||
| 260 |
_aNew Delhi _bKaveri Books _c2016 |
||
| 270 |
_a4832/24,Ansari Road, _bNew Delhi _e110002 _k011-23288140,23245799 _mkaveribooks@gmail.com |
||
| 300 |
_a132p. _c24cm(Hb) |
||
| 942 |
_2ddc _cEN _h230.42 _mDAS |
||